Zákon o službách zamestnanosti - zmeny od 1.1.2015.
Do zákona sa zaradilo nové ustanovenie - Príspevok na podporu vytvorenia pracovného miesta v prvom pravidelne platenom zamestnaní. Výška príspevku.
Saved in:
| Main Author: | |
|---|---|
| Format: | Book Chapter |
| Language: | Slovak |
| Subjects: | |
| Tags: |
No Tags, Be the first to tag this record!
|
MARC
| LEADER | 00000naa a2200000 4500 | ||
|---|---|---|---|
| 001 | 0197485 | ||
| 005 | 20231120134908.5 | ||
| 041 | 0 | |a slo | |
| 044 | |a SK | ||
| 245 | 1 | 0 | |a Zákon o službách zamestnanosti - zmeny od 1.1.2015. |c Martina Kovalčíková |
| 520 | |a Do zákona sa zaradilo nové ustanovenie - Príspevok na podporu vytvorenia pracovného miesta v prvom pravidelne platenom zamestnaní. Výška príspevku. | ||
| 610 | 2 | 0 | |a služby zamestnanosti |
| 610 | 2 | 0 | |a zákony |
| 610 | 2 | 0 | |a novelizácia |
| 100 | 1 | |a Kovalčíková, Martina | |